|
|
|
|
| LEADER |
00000cas a2200000 a 4500 |
| 001 |
vtls011466607 |
| 003 |
SK-MaSNL |
| 005 |
20260228164248.0 |
| 008 |
160113c20169999xo mr p 0 0slo |
| 022 |
|
|
|a 2453-7055
|
| 040 |
|
|
|a SNK
|b slo
|c SNK
|e AACR2
|
| 041 |
0 |
|
|a slo
|
| 043 |
|
|
|a e-xo---
|
| 044 |
|
|
|a xo
|c SK
|
| 072 |
|
7 |
|a 352/354
|x Stupne miestnej, oblastnej a ústrednej správy
|2 konspekt
|
| 072 |
|
7 |
|a 316.7
|x Sociológia kultúry. Kultúrny život
|2 konspekt
|
| 072 |
|
7 |
|a 394
|x Verejný a spoločenský život. Každodenný život
|2 konspekt
|
| 080 |
|
|
|a 353.9
|2 2011
|
| 080 |
|
|
|a 316.728
|2 2011
|
| 080 |
|
|
|a 394
|2 2011
|
| 080 |
|
|
|a 050
|2 2011
|
| 080 |
|
|
|a (437.6)
|2 2011
|
| 080 |
|
|
|a (051)+(054)
|2 2011
|
| 210 |
0 |
|
|a Limka
|
| 222 |
|
0 |
|a Limka
|
| 245 |
0 |
0 |
|a Limka
|b informačný magazín mesta Levoča
|
| 260 |
|
|
|a Levoča
|b Mesto Levoča
|c 2016-
|
| 310 |
|
|
|a 1x mesačne
|
| 500 |
|
|
|a Registračné č.: EV 5295/15
|
| 500 |
|
|
|a Redaktori sa menia
|
| 650 |
0 |
7 |
|a územná samospráva
|2 SNKPH
|9 802
|
| 650 |
0 |
7 |
|a každodenný život
|2 SNKPH
|9 4946
|
| 651 |
|
7 |
|a Levoča (Slovensko)
|2 SNKPHgeo
|9 26696
|
| 655 |
|
7 |
|a miestne periodiká
|2 SNKPH
|9 160938
|
| 856 |
4 |
1 |
|u http://www.levoca.sk/limka.phtml?id5=21634&original_idm=60739
|
| 910 |
|
|
|a snk
|
| 916 |
|
|
|a 2016-2018
|
| 999 |
|
|
|c 12944
|d 14874
|
| 952 |
|
|
|t č. jan.-dec.
|a SNK
|b SNK
|y PREZ
|7 0
|p 17A1432849
|o snkČSB 7194/4/2019
|i snk2020/20809
|8 0
|0 0
|1 0
|4 0
|d 2020-11-20
|l 0
|r 2026-02-21 19:24:11
|w 2026-02-21
|
| 952 |
|
|
|t č. jan.-dec.
|a SNK
|b SNK
|y PREZ
|7 0
|p 17A1520599
|o snkČSB 7194/5/2020
|i snk2023/10262
|8 0
|0 0
|1 0
|4 0
|d 2023-06-29
|l 0
|r 2026-02-21 19:29:01
|w 2026-02-21
|
| 952 |
|
|
|t č. jan.-dec.
|a SNK
|b SNK
|y PREZ
|7 0
|p 17A1520598
|o snkČSB 7194/6/2021
|i snk2023/10263
|8 0
|0 0
|1 0
|4 0
|d 2023-06-29
|l 0
|r 2026-02-21 19:29:01
|w 2026-02-21
|
| 952 |
|
|
|t č. jan.-dec.
|a SNK
|b SNK
|y PREZ
|7 0
|p 17A1520597
|o snkČSB 7194/7/2022
|i snk2023/10264
|8 0
|0 0
|1 0
|4 0
|d 2023-06-29
|l 0
|r 2026-02-21 19:29:01
|w 2026-02-21
|
| 952 |
|
|
|t č. jan.-dec.
|a SNK
|b SNK
|c SNK_KF
|y PREZ
|7 8
|p 17A1558442
|o snkČSB 7194/8/2023
|i snk2025/18505
|8 0
|0 0
|1 0
|4 0
|d 2025-11-17
|l 0
|r 2026-02-21 20:11:09
|w 2026-02-21
|
| 952 |
|
|
|t č. jan.-dec.
|a SNK
|b SNK
|c SNK_KF
|y PREZ
|7 8
|p 17A1558443
|o snkČSB 7194/9/2024
|i snk2025/18508
|8 0
|0 0
|1 0
|4 0
|d 2025-11-17
|l 0
|r 2026-02-21 20:11:09
|w 2026-02-21
|
| 952 |
|
|
|t č. jan.-dec.
|a SNK
|b SNK
|y PREZ
|7 0
|p 17A1370127
|o snkČSB 7194/1/2016
|i snk2019/19233
|8 0
|f 1
|0 0
|1 0
|4 0
|d 2019-07-23
|l 0
|r 2026-02-21 22:21:57
|w 2026-02-21
|
| 952 |
|
|
|t č. jan.-dec.
|a SNK
|b SNK
|y PREZ
|7 0
|p 17A1370126
|o snkČSB 7194/2/2017
|i snk2019/19234
|8 0
|f 1
|0 0
|1 0
|4 0
|d 2019-07-23
|l 0
|r 2026-02-21 22:21:57
|w 2026-02-21
|
| 952 |
|
|
|t č. jan.-dec.
|a SNK
|b SNK
|y PREZ
|7 0
|p 17A1370125
|o snkČSB 7194/3/2018
|i snk2019/19236
|8 0
|f 1
|0 0
|1 0
|4 0
|d 2019-07-23
|l 0
|r 2026-02-21 22:21:57
|w 2026-02-21
|